Riešenia detskej podvýživy v Keni

Guardado en:
Detalles Bibliográficos
Autor principal: Jančovičová, Lenka
Otros Autores: Ondrušová, Adriana
Formato: Libro
Lenguaje:eslovaco
Publicado: Bratislava Nadácia Pontis 2012
Materias:
Etiquetas: Agregar Etiqueta
Sin Etiquetas, Sea el primero en etiquetar este registro!

MARC

LEADER 00000nam a2200000 4500
001 0177737
005 20240314094538.4
020 |a 978-80-968229-5-9 
041 0 |a slo 
044 |a SK 
245 1 0 |a Riešenia detskej podvýživy v Keni  |c Lenka Jančovičová, Adriana Ondrušová 
264 1 |a Bratislava  |b Nadácia Pontis  |c 2012 
300 |a 225 s. 
610 2 0 |a krajiny rozvojové 
610 2 0 |a chudoba 
610 2 0 |a deti 
610 2 0 |a hlad 
610 2 0 |a chorobnosť 
610 2 0 |a úmrtnosť 
610 2 0 |a pomoc medzinárodná 
610 2 0 |a pomoc humanitárna 
610 2 0 |a Afrika 
610 2 0 |a Keňa 
100 1 |a Jančovičová, Lenka 
700 1 |a Ondrušová, Adriana